Normal view
MARC view
Entry Topical Term
001 - CONTROL NUMBER
- control field: 856356
003 - CONTROL NUMBER IDENTIFIER
- control field: OSt
005 - DATE AND TIME OF LATEST TRANSACTION
- control field: 20251212150105.0
008 - FIXED-LENGTH DATA ELEMENTS
- fixed length control field: 251212|| aca||aabn | a|a d
040 ## - CATALOGING SOURCE
- Original cataloging agency: OSt
- Transcribing agency: OSt
150 ## - HEADING--TOPICAL TERM
- Topical term or geographic name entry element: हिन्दी भाषा
670 ## - SOURCE DATA FOUND
- Source citation: Work cat.: (OSt)303265: शास्त्री, भीमसेन 856354, लघु सिद्धान्त कौमुदी :, 1983.
